Teleworking: guidelines for good practice. (Record no. 96575)

MARC details
000 -LEADER
fixed length control field 01004cam a2200277 4500
008 - FIXED-LENGTH DATA ELEMENTS--GENERAL INFORMATION
fixed length control field 090401t1997 xxu||||| |||| 00| 0 eng d
020 ## - INTERNATIONAL STANDARD BOOK NUMBER
International Standard Book Number 1851842578
035 ## - SYSTEM CONTROL NUMBER
System control number (Sirsi) u79937
041 ## - LANGUAGE CODE
Language code of text/sound track or separate title eng
050 ## - LIBRARY OF CONGRESS CALL NUMBER
Classification number 384
100 ## - MAIN ENTRY--PERSONAL NAME
Personal name Huws, Ursula
245 ## - TITLE STATEMENT
Title Teleworking: guidelines for good practice.
260 ## - PUBLICATION, DISTRIBUTION, ETC.
Place of publication, distribution, etc. Brighton
Name of publisher, distributor, etc. Institute for Employment Studies
Date of publication, distribution, etc. 1997
300 ## - PHYSICAL DESCRIPTION
Extent viii,37p. ; 22cm.
350 ## - PRICE (NR) (BK AM CF MU VM SE) [OBSOLETE]
Price 20
490 ## - SERIES STATEMENT
Series statement Institute for Employment Studies Report
Volume/sequential designation 329
520 ## - SUMMARY, ETC.
Summary, etc. Based on analysis of working practices throughout Europe, this study provides guidelines based on existing good practice for all aspects of teleworking.Includes chapters on multi-site teleworking, tele-homeworking, freelance teleworking and mobile teleworking.
650 ## - SUBJECT ADDED ENTRY--TOPICAL TERM
Topical term or geographic name entry element EUROPE
650 ## - SUBJECT ADDED ENTRY--TOPICAL TERM
Topical term or geographic name entry element FLEXIBLE WORKING
650 ## - SUBJECT ADDED ENTRY--TOPICAL TERM
Topical term or geographic name entry element TELEWORKING
650 ## - SUBJECT ADDED ENTRY--TOPICAL TERM
Topical term or geographic name entry element WORKING PRACTICES
690 ## - LOCAL SUBJECT ADDED ENTRY--TOPICAL TERM (OCLC, RLIN)
Topical term or geographic name as entry element ECONOMIC AND SOCIAL
710 ## - ADDED ENTRY--CORPORATE NAME
Corporate name or jurisdiction name as entry element Institute for Employment Studies
9 (RLIN) 2639
942 ## - ADDED ENTRY ELEMENTS (KOHA)
Suppress in OPAC 0
948 ## - LOCAL PROCESSING INFORMATION (OCLC); SERIES PART DESIGNATOR (RLIN)
c (OCLC) 28/07/1997
Holdings
Withdrawn status Lost status Source of classification or shelving scheme Damaged status Not for loan Home library Current library Shelving location Date acquired Cost, normal purchase price Total Checkouts Full call number Barcode Date last seen Copy number Cost, replacement price Price effective from Koha item type
    Dewey Decimal Classification     London London Books 15/08/1997 20.00   384 30053744 06/08/2019 1 20.00 06/08/2019 Book